00586nam a2200169 a 450000500170000000800410001702000180005805000220007610000190009824501300011725000160024726000400026330000160030344000250031950000200034465000520036420140412111420.0080103s19uu xx 00 eng d a0-439-41659-0 aM 629.1bB45 2006 aBerger, Melvin aCan you fly high, Wright brothers? :ba book about airplanes /cMelvin Berger, Gilda Berger; illustrations by Brandon Dorman. a1st edition aNew York :bScholastic Inc,cc2006. a48p. : ill. aScience super giants aIncludes index. aWright, Orville, 1871-1948xJuvenile literature